| 000 | 00702nam a22002297a 4500 | ||
|---|---|---|---|
| 999 |
_c17190 _d17190 |
||
| 003 | OSt | ||
| 005 | 20190117101322.0 | ||
| 008 | 190117b ||||| |||| 00| 0 eng d | ||
| 020 | _a9781611860566 | ||
| 040 | _aSEKU | ||
| 050 |
_aQL 85 _b.M35 |
||
| 130 | _aMaking animal meaning | ||
| 245 |
_aMaking animal meaning / _cEdited by Linda Kalof and Georgina M. Montgomery. |
||
| 260 |
_aMichigan : _bMichigan State University, _c2011. |
||
| 300 |
_a197 p. : _bill. |
||
| 504 | _aIncludes bibliographical references and index. | ||
| 650 |
_aPsychological aspects _xAnimals |
||
| 650 | _aHuman-animal relationships | ||
| 700 | _aKalof, Linda. | ||
| 700 | _aMontgomery, Georgina M. | ||
| 942 |
_2lcc _cGEN |
||